Statistiques concernant Les plus grandes villes d'Autriche • A á Z

Cliquez ici pour prendre le quiz!

Statistiques générales

  • Ce quiz a été pris 31 fois
  • Le résultat moyen est 5 sur 20

Statistiques - réponses

# Population Ville autrichienne % Correct
V1.888.776Vienne
100%
S153.377Salzbourg
94%
G286.292Graz
84%
I132.493Innsbruck
84%
L204.846Linz
58%
B29.806Bregenz
16%
W61.233Wels
16%
D49.278Dornbirn
10%
E14.476Eisenstadt
10%
A23.656Amstetten
6%
F33.420Feldkirch
6%
H21.150Hallein
6%
K100.369Klagenfurt am Wörthersee
3%
M20.555Mödling
3%
N12.879Neunkirchen
3%
P15.047Perchtoldsdorf
3%
R11.903Ried im Innkreis
3%
J9.960Judenburg
3%
T24.477Traun
3%
Z10.908Zwettl-Niederösterreich
0%

Distribution des résultats

Percentile par nombre de réponses

% des personnes avec chaque résultat

Votre développement - résultats

Vous n’avez pas pris ce quiz